00674nam a2200241 a 4500001001300000003000900013005001700022008004100039020001000080082001400090100001500104245003800119260003700157300000900194500003500203505001000238650002500248700001500273902000800288942000700296952011400303999001500417nice12345678IN_TiNIC20260116012106.0050524s1968 lona grp 000 0 eng  ac10000a291bJAM1 aJames, E O aChristianity and Other Religions. aLondonbHodder & Stoughtonc1968 a191p aincludes index and biblioraphy2 aIndex aComparative Religion1 aJames, E O bSRS cBK 001040708StackRoom-aHMIbHMId2007-07-20g100.00l0o291 JAM1p07702r2007-07-20v100.00w2005-05-24yBK c5605d5605